| 000 | 00455nam a2200169Ia 4500 | ||
|---|---|---|---|
| 999 |
_c539 _d539 |
||
| 003 | OSt | ||
| 005 | 20210826140544.0 | ||
| 008 | 190216s9999||||xx |||||||||||||| ||und|| | ||
| 040 | _coclc | ||
| 082 |
_a297.1225 _bKAS/T |
||
| 100 |
_aKasir, Ibn _98699 |
||
| 245 | 0 |
_aTafseeral Qur'An / _cIbn Kasir |
|
| 260 |
_bAl Rayyan Publishers, _c1998. |
||
| 300 | _a785p | ||
| 650 | _aArabic | ||
| 942 |
_cBK _2ddc _h297.1225 _iKAS/T _k297.1225 _mKAS/T |
||